| 000 | 00660nam a2200229Ia 4500 | ||
|---|---|---|---|
| 005 | 20250425161742.0 | ||
| 008 | 250425s9999 xx 000 0 und d | ||
| 020 | _a9586004198 | ||
| 041 | _aspa | ||
| 082 |
_a333.7 _pFIE |
||
| 100 | _aField, Barry C. | ||
| 245 | 0 |
_aEconomía Ambiental: Una introducción _cBarry C. Field |
|
| 250 | _a1a. edición | ||
| 260 |
_aSantafé de Bogota _bMcGraw-Hill _c1995 |
||
| 300 |
_a587 p. _c23.4 cm. |
||
| 500 | _aContenido, índice de nombres, índice de materias | ||
| 650 | _aAnálisis ambiental | ||
| 650 | _aLa Economía y el ambiente | ||
| 650 | _aPolitice medio ambiental | ||
| 942 | _c01 | ||
| 010 | _a27609 | ||
| 999 |
_c215391 _d215391 |
||